• 首页
  • 本馆介绍
  • 公告通知
  • 最新文献
  • 馆藏检索
  • 电子资源
  • 读者导购
  • 参考咨询
  • 我的图书馆
  • 登录
  • 详细信息显示
  • 放入我的书架
  • 预约/预借图书
  • 作者相关作品
  • 分类相关作品
  • 丛书相关作品
  • 出版社相关作品

书目信息

  • 表格格式
  • 工作单格式
  • 卡片格式
题名:
幼儿园玩具操作与活动指导
    
 
作者: 朱清 主编
分册:  
出版信息: 南京   南京师范大学出版社  2017.06
页数: 233页
开本: 26cm
丛书名:
单 册:
中图分类: G614
科图分类:
主题词: 学前教育--玩具--操作--幼儿师范学校--教材
电子资源:
ISBN: 978-7-5651-3249-0
000 00990nam0 2200241 450
001 0103152649
005 20201103152730.0
010    @a978-7-5651-3249-0@dCNY39.80
100    @a20180412e20192017em y0chiy50 ea
101 0  @achi
102    @aCN@b320000
105    @aa z 000yy
106    @ar
200 1  @a幼儿园玩具操作与活动指导@Ayou er yuan wan ju cao zuo yu huo dong zhi dao@f朱清主编
210    @a南京@c南京师范大学出版社@d2017.06@h2019.05
215    @a233页@c彩图@d26cm
300    @a全国学前教育专业系列教材
330    @a本书围绕着玩具与幼儿园活动展开,论述了玩具与幼儿园教育,玩具与幼儿园户外活动、生活活动、区域活动、亲子活动,玩具与创造性游戏、玩具与教师专业成长等部分,书中附大量案例,指导学生筛选、运用玩具,来开展幼儿游戏与活动,使学生对专业和自身发展有更加清晰的认识和定位,提升专业素养。
606 0  @a学前教育@x玩具@x操作@x幼儿师范学校@j教材
690    @aG614@v5
701  0 @a朱清@Azhu qing@4主编
801  0 @aCN@bBJSZM@c20201103
905    @b1256216-20@dG614@e1048@f5
    
    幼儿园玩具操作与活动指导/朱清主编.-南京:南京师范大学出版社,2017.06(2019.05)
    233页:彩图;26cm
    全国学前教育专业系列教材
    
    ISBN 978-7-5651-3249-0:CNY39.80
    本书围绕着玩具与幼儿园活动展开,论述了玩具与幼儿园教育,玩具与幼儿园户外活动、生活活动、区域活动、亲子活动,玩具与创造性游戏、玩具与教师专业成长等部分,书中附大量案例,指导学生筛选、运用玩具,来开展幼儿游戏与活动,使学生对专业和自身发展有更加清晰的认识和定位,提升专业素养。
●
相关链接 在E读中查询图书 在五车中查询图书 在当当中查询图书 在豆瓣中查询图书


正题名:幼儿园玩具操作与活动指导     索取号:G614/1048         预约/预借

序号 登录号 条形码 馆藏地/架位号 状态 备注
1 1256216   212562163   第一样本阅览室/ [索取号:G614/1048] 在馆    
2 1256217   212562172   教育系资料室/ [索取号:G614/1048] 在馆    
3 1256218   212562181   教育系资料室/ [索取号:G614/1048] 在馆    
4 1256219   212562190   第四借阅区/ [索取号:G614/1048] 在馆    
5 1256220   212562207   第四借阅区/ [索取号:G614/1048] 在馆    
唐山师范学院图书馆 欢迎您!
大连网信软件有限公司© 版权所有